000 00644nam a2200217Ia 4500
001 4966
003 GE_BSU
008 181216s||||||||xx |||||||||||||| ||und||
040 _cGE_BSU
080 _a514
100 _aБляшке, В.
245 _aКруг и шар.
245 _cПод ред. В.А. Залгаллера. И. М. Яглома. Пер. с немецкого В.А. Залгаллера и С.И. Залгаллера.
260 _aМосква
260 _bНаука
260 _c1967
300 _a232 с. 20 см.
300 _eУказатель стр.229-232
653 _aКруг и шар.
942 _cBK
999 _c38702
_d38702